Žiacka samospráva v základných a stredných školách

Salvato in:
Dettagli Bibliografici
Autore principale: Janková, Mária
Natura: Libro
Lingua:slovacco
Pubblicazione: Bratislava Centrum vedecko-technických informácií SR 2021
Soggetti:
Tags: Aggiungi Tag
Nessun Tag, puoi essere il primo ad aggiungerne!!

MARC

LEADER 00000nam a2200000 4500
001 0279156
005 20240221115215.9
020 |a 978-80-8240-015-4 
041 0 |a slo 
044 |a SK 
245 1 0 |a Žiacka samospráva v základných a stredných školách  |c Mária Janková 
264 1 |a Bratislava  |b Centrum vedecko-technických informácií SR  |c 2021 
300 |a 47 s. 
610 2 0 |a školy základné 
610 2 0 |a školy stredné 
610 2 0 |a školstvo 
610 2 0 |a samospráva 
610 2 0 |a žiaci 
610 2 0 |a učitelia 
610 2 0 |a pedagogika 
610 2 0 |a vzdelávanie 
610 2 0 |a Slovensko 
100 1 |a Janková, Mária